00931nam a22001577a 4500003000900000008004100009040007100050082001700121100003000138245028500168260005100453300002800504505021400532650001400746650001300760AR-CdUCM190502b ||||| |||| 00| 0 spa d aMUNICIPALIDAD PROVINCIAL DEL CUSCOcBIBLIOTECA MUNICIPAL DEL CUSCO a371.4 /bC27 aCarreño, Manuel Antonio aManual de urbanidad y buenas maneras :bpara uso de la juventud de ambos sexos en el cual se encuentran las principales reglas de civilidad y etiqueta que deben observarse en las diversas situaciones sociales : precedido de un breve tratado sobre los deberes morales del hombre /  aLima :bLibr. Internacional del Perú,c1958. a445 páginas ;c18 cm. aContenido: Deberes morales del hombre -- Manual de urbanidad y buenas maneras -- Del aseo -- Del modo de conducirnos dentro de la casa -- Del modo de conducirnos en diferentes lugares fuera de nuestra casa ... aUrbanidad aManuales